Départements français à l'aveugle - Sans répétition - Statistiques

Statistiques générales
  • Ce quiz a été pris 339 fois
  • Le résultat moyen est 59 sur 101
Statistiques - réponses
Départements % Correct
Ain
80%
Loire
76%
Aisne
72%
Finistère
69%
Allier
67%
Ille-et-Vilaine
67%
Alpes-de-Haute-Provence
66%
Alpes-Maritimes
66%
Côtes-d'Armor
66%
Hautes-Alpes
65%
Loiret
65%
Nord
65%
Aude
64%
Bouches-du-Rhône
64%
Calvados
64%
Eure
64%
Ardèche
63%
Ardennes
63%
Aveyron
63%
Charente
63%
Charente-Maritime
63%
Creuse
63%
Doubs
63%
Pas-de-Calais
63%
Aube
62%
Cantal
62%
Cher
62%
Gironde
62%
Corse-du-Sud
61%
Eure-et-Loir
61%
Indre
61%
Oise
61%
Seine-Maritime
61%
Haute-Corse
60%
Haute-Garonne
60%
Indre-et-Loire
60%
Morbihan
60%
Bas-Rhin
59%
Côte-d'Or
59%
Drôme
59%
Haute-Savoie
59%
Haut-Rhin
59%
Hérault
59%
Isère
59%
Jura
59%
Landes
59%
Manche
59%
Moselle
59%
Rhône (et métropole de Lyon)
59%
Savoie
59%
Somme
59%
Marne
58%
Meurthe-et-Moselle
58%
Orne
58%
Var
58%
Gard
57%
Gers
57%
Loire-Atlantique
57%
Loir-et-Cher
57%
Pyrénées-Atlantiques
57%
Seine-et-Marne
57%
Ariège
56%
Corrèze
56%
Dordogne
56%
Lot
56%
Mayenne
56%
Paris
56%
Pyrénées-Orientales
56%
Val-de-Marne
56%
Vaucluse
56%
Yvelines
56%
Sarthe
55%
Territoire de Belfort
55%
Val-d'Oise
55%
Yonne
55%
Essonne
54%
Haute-Marne
54%
Meuse
54%
Seine-Saint-Denis
54%
Tarn
54%
Tarn-et-Garonne
53%
Vendée
53%
Haute-Loire
52%
Hautes-Pyrénées
52%
Hauts-de-Seine
52%
Puy-de-Dôme
52%
Saône-et-Loire
52%
Vosges
52%
Guadeloupe
51%
Lot-et-Garonne
51%
Lozère
51%
Martinique
50%
Nièvre
50%
Vienne
50%
Deux-Sèvres
49%
Haute-Saône
49%
Haute-Vienne
49%
Maine-et-Loire
49%
Mayotte
49%
Guyane
48%
La Réunion
48%
Aucun quiz correspondant
Distribution des résultats
% des personnes avec chaque résultat
Percentile par nombre de réponses
Votre historique - résultats
Vous n’avez pas pris ce quiz